Ч. 1; Магнитные системы с подвижными экранами. Устройства с электромагнитными экранами

গ্রন্থ-পঞ্জীর বিবরন
Parent link:Абдуллаев, Я. Р.. Магнитные системы с подвижными экранами. Устройства с электромагнитными экранами: учебное пособие для вузов. Ч. 1.— , 1972
ভাষা:রুশ
প্রকাশিত: 1972
বিষয়গুলি:
বিন্যাস: গ্রন্থ
KOHA link:https://koha.lib.tpu.ru/cgi-bin/koha/opac-detail.pl?biblionumber=302918

MARC

LEADER 00000nam0a2200000 4500
001 302918
005 20231102001542.0
035 |a (RuTPU)RU\TPU\book\328135 
035 |a RU\TPU\book\328134 
090 |a 302918 
100 |a 20150827d1972 m y0rusy50 ca 
101 0 |a rus 
102 |a RU 
105 |a a j 001zy 
200 0 |a Ч. 1 
210 |d 1972 
215 |a 64 с.  |c ил. 
320 |a Библиогр.: с. 60-64. 
461 |t Магнитные системы с подвижными экранами. Устройства с электромагнитными экранами  |o учебное пособие для вузов  |v Ч. 1  |d 1972  |a Абдуллаев, Я. Р. 
606 1 |a Электромагнитные устройства  |2 stltpush  |3 (RuTPU)RU\TPU\subj\20195  |9 45314 
610 1 |a магнитные системы 
610 1 |a подвижные элементы 
610 1 |a электромагнитные экраны 
610 1 |a электроизмерительные приборы 
610 1 |a индуктивные датчики 
610 1 |a датчики перемещения 
610 1 |a учебные пособия 
675 |a 621.318.3(075.8)  |v 3 
801 1 |a RU  |b 63413507  |c 20150827 
801 2 |a RU  |b 63413507  |c 20210527  |g RCR 
942 |c BK